Statistics for Horse Breed by Picture Quiz

Click here to take the quiz!

General Stats

  • This quiz has been taken 33 times
    (30 since last reset)
  • The average score is 9 of 17

Answer Stats

Answer% Correct
Arabian
96%
Shetland pony
83%
Clydesdale
78%
Appaloosa
74%
Friesian
74%
Thoroughbred
70%
Fjord horse
65%
Icelandic Ponies
61%
Akhal-Teke
52%
Gypsy horse
48%
Falabella
43%
Haflinger
43%
Morgan Horse
39%
Mustang
39%
Welsh Pony
39%
Orlov Trotter
13%
American Saddlebred
4%

Score Distribution

Percentile by Number Answered

Percent of People with Each Score

Your Score History

You have not taken this quiz since the last reset